LEADER 01348nam 2200421 450 001 9910480951003321 010 $a1-4704-3879-8 035 $a(CKB)4340000000190706 035 $a(MiAaPQ)EBC4908556 035 $a(EXLCZ)994340000000190706 100 $a20170809h19971997 uy 0 101 0 $aeng 135 $aurcnu|||||||| 181 $2rdacontent 182 $2rdamedia 183 $2rdacarrier 200 10$aPoincare and the three body problem /$fJune Barrow-Green 210 1$aProvidence, Rhode Island :$cAmerican Mathematical Society :$cLondon Mathematical Society,$d1997. 210 4$d©1997 215 $a1 online resource (273 pages) $cillustrations, tables 225 1 $aHistory of Mathematics ;$vVolume 11 311 $a0-8218-0367-0 320 $aIncludes bibliographical references at the end of each chapters and indexes. 410 0$aHistory of mathematics ;$vVolume 11. 606 $aHamiltonian systems 606 $aThree-body problem 608 $aElectronic books. 615 0$aHamiltonian systems. 615 0$aThree-body problem. 676 $a515/.352 700 $aBarrow-Green$b June$f1953-$060963 801 0$bMiAaPQ 801 1$bMiAaPQ 801 2$bMiAaPQ 906 $aBOOK 912 $a9910480951003321 996 $aPoincaré and the three body problem$9375773 997 $aUNINA LEADER 01289nam0 22003011i 450 001 UON00288335 005 20231205103910.576 100 $a20070216d1959 |0itac50 ba 101 $ager 102 $aDE 105 $a|||| ||||| 200 1 $aˆDas ‰antike Buchwesen in seinem Verhaltniss zur Litteratur$emit Beitragen zur Textgeschichte des Theokrit, Catull, Properz und Anderer Autoren$fvon Theodor Birt 205 $aUnveranderter Nachdruck 210 $aAalen$cScientia Aalen$d1959 215 $avii, 518 p.$d24 cm 316 $aORDINE DIRETTO SU FONDO COMUNE 11/4 2007$5IT-UONSI W094 606 $aLIBRI$xStoria$xfino al 400$3UONC062105$2FI 620 $aDE$dBerlin$3UONL003157 676 $a002$cIl libro$v21 700 1$aBIRT$bTheodor$3UONV152080$0182536 712 $aHertz W.$3UONV266281$4650 712 $aScientia Aalen$3UONV272924$4650 801 $aIT$bSOL$c20240220$gRICA 899 $aSIBA - SISTEMA BIBLIOTECARIO DI ATENEO$2UONSI 912 $aUON00288335 950 $aSIBA - SISTEMA BIBLIOTECARIO DI ATENEO$dSI W 094 $eSI MC 30907 5 ORDINE DIRETTO SU FONDO COMUNE 11/4 2007 996 $aAntike Buchwesen in seinem Verhältniss zur Litteratur$9596722 997 $aUNIOR